[Event "CAN-ch U20 U1800"]
[Site "Toronto"]
[Date "2018.08.12"]
[Round "9.30"]
[White "Stroganov, Victor"]
[Black "Mukherjee, Pranoy"]
[Result "1-0"]
[WhiteElo "1445"]
[BlackElo "1425"]
[PlyCount "79"]
[EventDate "2018.08.08"]
[EventType "swiss"]
[EventRounds "9"]
[EventCountry "CAN"]
[SourceTitle "EXT 2022"]
[Source "ChessBase"]
[SourceDate "2021.10.06"]
[SourceVersion "1"]
[SourceVersionDate "2021.10.06"]
[SourceQuality "1"]

1. e4 e6 2. d4 d5 3. Nd2 dxe4 4. Nxe4 Bd7 5. Nf3 Bc6 6. Nc3 Nf6 7. Bd3 Bb4 8. Bg5 Bxf3 9. Qxf3 Qxd4 10. 0-0-0 0-0 11. Bxh7+ Nxh7 12. Rxd4 Nxg5 13. Qxb7 Bc5 14. Rd2 Na6 15. Qxa6 Rab8 16. Na4 Be7 17. Qxa7 Ne4 18. Rd7 Bd6 19. Rd1 Nf6 20. R7xd6 cxd6 21. Rxd6 Ne4 22. Rb6 Ra8 23. Qd7 Nxf2 24. Qd4 Rfd8 25. Qf4 Rdc8 26. Nc3 Rxa2 27. Qxf2 Ra1+ 28. Kd2 Raa8 29. Rb7 Rd8+ 30. Ke1 Rf8 31. Ne4 Ra5 32. Qg3 Rf5 33. Nd6 Rc5 34. c4 Rh5 35. b4 g6 36. c5 Rd5 37. Rxf7 Rxf7 38. Qxg6+ Rg7 39. Qxe6+ Kh7 40. Qxd5 1-0

[Event "CAN-ch U20 U1800"]
[Site "Toronto"]
[Date "2018.08.11"]
[Round "7.30"]
[White "Lee, Ethan2"]
[Black "Mukherjee, Pranoy"]
[Result "1/2-1/2"]
[WhiteElo "1121"]
[BlackElo "1425"]
[PlyCount "121"]
[EventDate "2018.08.08"]
[EventType "swiss"]
[EventRounds "9"]
[EventCountry "CAN"]
[SourceTitle "EXT 2022"]
[Source "ChessBase"]
[SourceDate "2021.10.06"]
[SourceVersion "1"]
[SourceVersionDate "2021.10.06"]
[SourceQuality "1"]

1. e4 e6 2. d4 d5 3. Nc3 Bb4 4. Nge2 dxe4 5. Be3 Nf6 6. g3 b6 7. Bg2 Bb7 8. 0-0 0-0 9. a3 Bxc3 10. Nxc3 Nbd7 11. Re1 Re8 12. Qd2 Ng4 13. Nxe4 Nxe3 14. Rxe3 f5 15. Nc3 Bxg2 16. Kxg2 Qg5 17. f4 Qf6 18. Rae1 Rad8 19. d5 Nc5 20. b4 Nb7 21. Re5 c6 22. Qe3 cxd5 23. Rxe6 Rxe6 24. Qxe6+ Qxe6 25. Rxe6 Kf7 26. Re2 a6 27. Rd2 Ke6 28. Kf3 a5 29. Na4 Rd6 30. h3 Rc6 31. b5 Rd6 32. Re2+ Kf6 33. Re5 Nc5 34. Nxc5 bxc5 35. g4 fxg4+ 36. hxg4 h6 37. g5+ hxg5 38. Rxg5 d4 39. Rxc5 d3 40. cxd3 Rxd3+ 41. Ke4 Rb3 42. Rc6+ Kf7 43. b6 Ke8 44. Kd5 Kd8 45. Rd6+ Kc8 46. Kc6 Rc3+ 47. Kb5 Rb3+ 48. Ka6 Rxa3 49. b7+ Kc7 50. Ka7 Rb3 51. Rg6 Rxb7+ 52. Ka6 Kc8 53. Kxa5 Kd8 54. Ka6 Rf7 55. Kb5 Ke8 56. Kc5 Kf8 57. Rg4 Ke7 58. Kd5 Kf6 59. Ke4 Re7+ 60. Kf3 Kf5 61. Rg5+ 1/2-1/2

[Event "CAN-ch U12"]
[Site "Sault Ste Marie"]
[Date "2017.07.08"]
[Round "5.65"]
[White "Joseph Benher, Savio"]
[Black "Mukherjee, Pranoy"]
[Result "1/2-1/2"]
[WhiteElo "1344"]
[BlackElo "1048"]
[PlyCount "142"]
[EventDate "2017.07.06"]
[EventType "swiss"]
[EventRounds "7"]
[EventCountry "CAN"]
[SourceTitle "EXT 2022"]
[Source "ChessBase"]
[SourceDate "2021.10.06"]
[SourceVersion "1"]
[SourceVersionDate "2021.10.06"]
[SourceQuality "1"]

1. e4 e6 2. d4 d5 3. Nc3 Bb4 4. exd5 exd5 5. Bd3 Nf6 6. Bg5 Be6 7. Nf3 c6 8. 0-0 Nbd7 9. a3 Bd6 10. Re1 0-0 11. Ne2 Qc7 12. Ng3 h6 13. Bd2 Rfe8 14. Bf5 Bxf5 15. Rxe8+ Rxe8 16. Nxf5 Bf4 17. Qc1 Bxd2 18. Qxd2 Ne4 19. Qb4 a5 20. Qb3 b5 21. Re1 Ndf6 22. Ne5 Nd7 23. Rxe4 Nxe5 24. Rxe5 Rxe5 25. dxe5 Qxe5 26. Ne3 d4 27. Nf1 a4 28. Qf3 c5 29. g3 c4 30. Kg2 c3 31. bxc3 dxc3 32. Ne3 Kf8 33. Qa8+ Qe8 34. Qxe8+ Kxe8 35. Nd5 Kd7 36. Kf3 Kc6 37. Nb4+ Kd6 38. Ke4 Ke6 39. Kd4 Kf5 40. f3 g5 41. Kc5 g4 42. f4 Ke4 43. Kxb5 Kf3 44. Kxa4 Kg2 45. Kb5 Kxh2 46. a4 Kxg3 47. Nd3 Kf3 48. a5 g3 49. Ne1+ Kf2 50. Nd3+ Kf1 51. a6 g2 52. a7 g1Q 53. a8Q Ke2 54. Qe4+ Qe3 55. Qg2+ Kd1 56. Nf2+ Kxc2 57. Ng4+ Qd2 58. Qe4+ Kc1 59. Ne3 c2 60. Qh1+ Qd1 61. Nxd1 cxd1Q 62. Qc6+ Qc2 63. Qxh6 Qe2+ 64. Kc6 Qg2+ 65. Kd7 Qd5+ 66. Ke7 f5 67. Qg5 Qe4+ 68. Kf7 Kd2 69. Qd8+ Ke3 70. Qg5 Qxf4 71. Qe7+ Kf3 1/2-1/2